The psychology of spirituality (Record no. 36395)

000 -LEADER
fixed length control field 00415nam a22001691a 4500
020 ## - INTERNATIONAL STANDARD BOOK NUMBER
International Standard Book Number 9788120721326
Terms of availability 0.00
040 ## - CATALOGING SOURCE
Original cataloging agency SSUS - Library - Kalady
082 ## - DEWEY DECIMAL CLASSIFICATION NUMBER
Classification number 150
Item number N98
100 ## - MAIN ENTRY--PERSONAL NAME
Personal name Danesh H B
245 ## - TITLE STATEMENT
Title The psychology of spirituality
Medium [Text]
260 ## - PUBLICATION, DISTRIBUTION, ETC.
Place of publication, distribution, etc. New Delhi
Name of publisher, distributor, etc. Sterling
Date of publication, distribution, etc. 1998
300 ## - PHYSICAL DESCRIPTION
Extent 270p.
500 ## - GENERAL NOTE
General note Danesh
600 ## - SUBJECT ADDED ENTRY--PERSONAL NAME
Personal name Psychology
852 ## - LOCATION
-- 150.00
--
942 ## - ADDED ENTRY ELEMENTS (KOHA)
Koha item type Book
Holdings
Withdrawn status Lost status Source of classification or shelving scheme Damaged status Not for loan Permanent Location Current Location Date acquired Cost, normal purchase price Total Checkouts Full call number Barcode Date last seen Cost, replacement price Price effective from Koha item type
Write off         Sree Sankaracharya University of Sanskrit Sree Sankaracharya University of Sanskrit 08.01.2015 150.00   150 N98 003382 08.01.2015 0.00 08.01.2015 Book